| 000 | 00662nam a2200193 i 4500 | ||
|---|---|---|---|
| 001 | 81351 | ||
| 003 | ES-MaACL | ||
| 005 | 20230906174423.0 | ||
| 007 | t| | ||
| 008 | 041104q1913 fr ||||1| fre d | ||
| 100 | 1 |
_aHoyos Sáinz, Luis de, _d1868-1951 _964437 |
|
| 245 | 1 | 0 |
_aNotes préliminairs sur les "Crania hispanica" / _cpar Luis de Hoyos Sáinz et Luis de Aranzadi. |
| 260 |
_a[Paris : _bs.n., _c1913?] |
||
| 300 | _av. | ||
| 500 | _aEs separata de: Bulletins et Mémoires de la Société d'Anthropologie de Paris. Séance du 20 fevrier 1913. | ||
| 700 | 1 |
_aAranzadi, Luis de. _922333 |
|
| 852 |
_aES-MaACL _jT-1434-F-8 |
||
| 999 |
_c81351 _d81351 |
||